Syntéza a charakterizácia komplexov v štruktúre zeolitu Y : Obh. 13.6.1997 /

Na minha lista:
Detalhes bibliográficos
Autor principal: Ďurík, Marián (Author)
Formato: Manuscrito Livro
Idioma:eslovaco
Publicado em: Bratislava : STU v Bratislave ChtF, 1997
Tags: Adicionar Tag
Sem tags, seja o primeiro a adicionar uma tag!

MARC

LEADER 00000ntm a22000003a 4500
001 stu24453
005 20150617225747.5
008 970703s1997----xo------------------slo-d
040 |a STU  |b slo 
041 0 |a slo 
044 |a xo 
100 1 |a Ďurík, Marián  |4 aut 
245 1 |a Syntéza a charakterizácia komplexov v štruktúre zeolitu Y :  |b Obh. 13.6.1997 /  |c [aut.]Ďurík,Marián 
260 |a Bratislava :  |b STU v Bratislave ChtF,  |c 1997 
300 |a 48 s :  |b Tab.,grafy,lit 
500 |a Zameranie: Chémia 
996 |b CD12219  |c C*D12219  |l CCI  |s A  |a 24  |w stu24453_0001